00586naa a2200181 a 450000100080000000500110000800800410001910000400006024501100010026000090021065300150021965300140023470000210024870000220026970000200029170000230031177300700033410588832008-04-18 2007 bl uuuu u00u1 u #d1 aSANTOS, M. C. A.: FREITAS, S. de P. aEfeito do acido indolbutirico, tipos de estacas e substratos sobre o enraizamento de Catharanthus roseus. c2007 aPropagacao aSubstrato1 aSANTOS, A. L. A.1 aAROUCHA, E. M. M.1 aSOUZA, M. S. de1 aLEMOS, G. C. da S. tRevista Ceres, Vicosagv. 54, n. 314, p. 369-374, jul./ago. 2007.